Enhancing employee performance

Αποθηκεύτηκε σε:
Λεπτομέρειες βιβλιογραφικής εγγραφής
Κύριος συγγραφέας: Katz, Bernard
Άλλοι συγγραφείς: Doherty, John
Μορφή: Βιβλίο
Γλώσσα:English
Δημοσίευση: Oxfordshire : 1994
Θέματα:
Ετικέτες: Προσθήκη ετικέτας
Δεν υπάρχουν, Καταχωρήστε ετικέτα πρώτοι!

MARC

LEADER 00000nam a2200000 i 4500
001 1/61205
008 980609s1994 eng d
020 |a 1852522305 
035 |l 10028852 
040 |a GR-MY-UA  |b gre  |e aacr 
041 0 |a eng 
082 0 |a 658.3125 
100 1 |a Katz, Bernard. 
245 1 0 |a Enhancing employee performance /  |c Bernard Katz, John Doherty 
260 |a Oxfordshire :   |c 1994 
300 |a xii, 196 p. 
504 |a Includes bibliography and index 
650 0 0 |a Personnel management. 
650 0 0 |a Performance  |x Evaluation. 
700 1 |a Doherty, John. 
852 |a INST  |b CHIOS  |e 19980609  |h 658.3125 KAT  |p 005200016320  |q 005200016320  |t BK  |y 0 
901 |a BIBL-1998-2 
909 |a Χ  |b 056810 
922 |a 2ΕΛΗ  |b 199805  |c ΤΔΕ  |d ΠΑΠΑΣΩΤΗΡΙΟΥ